000 00496nam a2200193Ia 4500
001 15049
003 GE_BSU
008 181216s||||||||xx |||||||||||||| ||und||
040 _cGE_BSU
080 _a512.643
100 _aВоеводин,В.В. Кузнецов,Ю.А.
245 _aМатрицы и вычисления
260 _aМосква
260 _bНаука
260 _c1984
300 _a318стр.22см.
653 _aМатрицы и вычисления
942 _cBK
999 _c48167
_d48167